| 000 | 00549nam a2200193Ia 4500 | ||
|---|---|---|---|
| 003 | LDD | ||
| 008 | 181029s9999 xx 000 0 und d | ||
| 020 |
_a9780415372428 _cP 75.00 |
||
| 040 | _cLDD | ||
| 100 | _aAnderson, Linda | ||
| 245 | 0 |
_aCreative writing _ba workbook with readings _cLinda Anderson |
|
| 260 |
_aOxon _bRoutledge _c2006 |
||
| 300 | _a664p. | ||
| 365 | _bP 75.00 | ||
| 901 |
_a9483 _b30-11-2012 |
||
| 902 |
_a4594 _b12-12-2012 _cF _dPUJA _e42 |
||
| 903 |
_aDiscount-15 _bReqst by : Renu Bhardwaj |
||
| 942 |
_2ddc _cBK |
||
| 999 |
_c104766 _d104766 |
||